000 00422nam a22001577a 4500
005 20200531152110.0
008 200531b xxu||||| |||| 00| 0 eng d
041 _aeng
082 _a340
100 _aBARE ACT
_95744
245 _aTHE WORKING JOURNALISTS AND OTHERS NEWSPAPER EMPLOYEES AND MISCELANEOUS , 1955ACT
260 _aDELHI
_bPROFESSIONAL BOOK PUBLISHERS
300 _a40;p
650 _aLAW
_95701
942 _cBK
999 _c6728
_d6726